Θαλάσσια στρατηγική ασφάλειας της Ε.Ε και οι κυριότερες απειλές στο θαλάσσιο ευρωπαϊκό χώρο : παράτυπη μετανάστευση και πειρατεία ; διπλωματική εργασία [μεταπτυχιακή εργασία]

Αποθηκεύτηκε σε:
Λεπτομέρειες βιβλιογραφικής εγγραφής
Κύριος συγγραφέας: Σεϊτη, Ευμορφία-Χρυσοβαλάντου
Συγγραφή απο Οργανισμό/Αρχή: Πανεπιστήμιο Αιγαίου Σχολή Ανθρωπιστικών Επιστημών Τμήμα Μεσογειακών Σπουδών Πρόγραμμα Μεταπτυχιακών Σπουδών Πολιτικές, Οικονομικές και Διεθνείς Σχέσεις στη Μεσόγειο
Άλλοι συγγραφείς: Ντάλης, Σωτήρης (dgs [Επιβλέπων καθηγητής])
Μορφή: Thesis Βιβλίο
Γλώσσα:Greek
Δημοσίευση: 2015.
Θέματα:
Διαθέσιμο Online:http://hdl.handle.net/11610/12300
Ετικέτες: Προσθήκη ετικέτας
Δεν υπάρχουν, Καταχωρήστε ετικέτα πρώτοι!

MARC

LEADER 00000cam a2200000 a 4500
001 1/108396
008 150904s2015####gr | ||| |||| ||gre||
040 |a GR-MyUa  |b gre  |c GR-MyUa  |e AACR2 
041 0 |a gre 
082 7 |a 341.45   |2 (23) 
100 1 |a Σεϊτη, Ευμορφία-Χρυσοβαλάντου. 
245 1 0 |a Θαλάσσια στρατηγική ασφάλειας της Ε.Ε και οι κυριότερες απειλές στο θαλάσσιο ευρωπαϊκό χώρο :   |b παράτυπη μετανάστευση και πειρατεία ; διπλωματική εργασία [μεταπτυχιακή εργασία] /   |c Σεϊτη Ευμορφία-Χρυσοβαλάντου ; επιβλέπων καθηγητής Ντάλης Σωτήρης.  
260 |c 2015.  
300 |a 64 σ. :   |b εικ. ;   |c 30 εκ.  
502 |a Διατριβή (μεταπτυχιακή) – Πανεπιστήμιο Αιγαίου, Ρόδος, 2015. 
504 |a Βιβλιογραφία: σ. 60-64.  
506 1 |a Διάθεση μόνο λέξεων κλειδιών - περιλήψεων.  
650 0 |a Law of the sea. 
650 0 |a Territorial waters. 
650 0 |a Maritime law  |z European Union countries. 
650 0 |a Immigrants. 
650 0 |a Emigration and immigration. 
650 0 |a Pirates. 
700 1 |a Ντάλης, Σωτήρης,  |e dgs [Επιβλέπων καθηγητής] 
710 2 |a Πανεπιστήμιο Αιγαίου  |b Σχολή Ανθρωπιστικών Επιστημών  |b Τμήμα Μεσογειακών Σπουδών  |b Πρόγραμμα Μεταπτυχιακών Σπουδών Πολιτικές, Οικονομικές και Διεθνείς Σχέσεις στη Μεσόγειο. 
852 |a INST  |b RHODES  |c DIATR  |e 20150904  |h 341.45 ΣΕΪ  |p 005400037996  |q 005400037996  |t MTXE  |y 23 
856 |u http://hdl.handle.net/11610/12300 
924 |a Σεϊτη  |b Ευμορφία-Χρυσοβαλάντου   |y Ρόδος  |z 2015-07  
970 |z 04-09-2015